000 00440nam a2200181Ia 4500
008 240925s9999 xx 000 0 und d
020 _aNA
082 _a796.44 HUT
100 _aHutton, Len
245 0 _aCricket is My Life
250 _aNA
260 _aLondon:
_bHutchinson
_c,1949.
300 _axxv,736p.
_bN.A
_fOriginal
500 _aNA
600 _aHumanities & Natural Science
650 _aArts and Recreation
942 _cBK
999 _c12106
_d12106